Т. 2; Энергетика: экология, надежность, безопасность

Λεπτομέρειες βιβλιογραφικής εγγραφής
Parent link:Энергетика: экология, надежность, безопасность: материалы докладов девятой всероссийской научно-технической конференции, Томск, 3-5 декабря 2003 г./ Томский политехнический университет. Т. 2.— , 2003
Γλώσσα:Ρωσικά
Έκδοση: 2003
Θέματα:
Μορφή: Βιβλίο
KOHA link:https://koha.lib.tpu.ru/cgi-bin/koha/opac-detail.pl?biblionumber=59228

MARC

LEADER 00000nam2a2200000 4500
001 59228
005 20231031060120.0
035 |a (RuTPU)RU\TPU\book\62600 
090 |a 59228 
100 |a 20031223d2003 k y0rusy50 ca 
101 0 |a rus 
102 |a RU 
105 |a a z 111zy 
200 0 |a Т. 2 
210 |d 2003 
215 |a 218 с.  |c ил. 
320 |a Библиогр. в конце глав. 
461 1 |0 (RuTPU)RU\TPU\book\63040  |t Энергетика: экология, надежность, безопасность  |o материалы докладов девятой всероссийской научно-технической конференции, Томск, 3-5 декабря 2003 г.  |o в 2 т.  |f Томский политехнический университет  |v Т. 2  |d 2003 
610 1 |a энергетика 
610 1 |a энергетическая стратегия 
610 1 |a регионы 
610 1 |a энергетические паспорта 
610 1 |a Томск 
610 1 |a замыкания 
610 1 |a электроэнергетические установки 
610 1 |a теплоэнергетические установки 
610 1 |a безопасность 
610 1 |a энергосбережение 
610 1 |a экология 
610 1 |a окружающая среда 
610 1 |a защита 
610 1 |a техногенные влияния 
610 1 |a конференции 
675 |a 620.9:628(063)  |v 3 
801 1 |a RU  |b 63413507  |c 20031223  |g PSBO 
801 2 |a RU  |b 63413507  |c 20090330  |g PSBO 
942 |c BK